Loading...
| Current Events | 1 | 20.00 | 100% | 100% | 0% |
| Fine Arts - Auditory Fine Arts | 8 | 17.50 | 100% | 63% | 13% |
| Fine Arts - Other Fine Arts | 6 | 20.00 | 100% | 50% | 50% |
| Fine Arts - Visual Fine Arts | 9 | 18.89 | 100% | 78% | 11% |
| Geography | 3 | 20.00 | 100% | 67% | 33% |
| History - American History | 7 | 18.57 | 100% | 71% | 14% |
| History - European History | 7 | 11.43 | 86% | 29% | 0% |
| History - Other History | 4 | 17.50 | 100% | 25% | 50% |
| History - World History | 4 | 17.50 | 100% | 50% | 25% |
| Literature - American Literature | 10 | 21.00 | 100% | 100% | 10% |
| Literature - British Literature | 6 | 21.67 | 100% | 83% | 33% |
| Literature - European Literature | 7 | 22.86 | 100% | 86% | 43% |
| Literature - World Literature | 7 | 24.29 | 100% | 100% | 43% |
| Mythology | 6 | 16.67 | 100% | 50% | 17% |
| Philosophy | 7 | 22.86 | 100% | 86% | 43% |
| Pop Culture | 3 | 16.67 | 100% | 67% | 0% |
| Popular Culture | 1 | 30.00 | 100% | 100% | 100% |
| Religion | 7 | 17.14 | 100% | 71% | 0% |
| Science - Biology | 6 | 23.33 | 100% | 83% | 50% |
| Science - Chemistry | 4 | 22.50 | 100% | 100% | 25% |
| Science - Other Science | 6 | 21.67 | 100% | 100% | 17% |
| Science - Physics | 5 | 24.00 | 100% | 80% | 60% |
| Social Science | 6 | 18.33 | 100% | 67% | 17% |